000 00453nam a2200133Ia 4500
001 188
008 241024s9999 xx 000 0 und d
082 _aRD/378.97293/R426r/12
100 _aRepública Dominicana.Secretaria de Estado de Educación Superior, Ciencia y Tecnología
245 0 _aReglamento de Instituciones y Programas de Educación Superior a Distancia
260 _bSanto Domingo
_c2006
901 _a20/10/2010 2:16:49 p.m.
999 _c8342
_d8342